000 00714na a2200253 4500
001 13488
003 MIRAKIL
005 20181213154842.0
008 161001b tu 000 0
020 _a9758112449
035 _a13488
040 _aMilas
_btur
_cTR-AnCHP
082 _a336.3
_bE55m
090 _a336.3 E55m 2004
100 _aEmil, M. Ferhat
245 _aMilli saydamlık izleme raporu
_cM. Ferhat Emil, H. Hakan Yılmaz
260 _aİstanbul
_bTesev
_c2004
300 _a110 s.
_btbl. ; grf.
_c30 sm.
500 _aKaynakça var.
650 _aEkonomi
_xKamu kaynakları
_zTürkiye
650 _aMali politikalar
_xŞeffaflık
_zTürkiye
700 _aYılmaz, H. Hakan
942 _2ddc
_cBKS
999 _c1988
_d1988